Panamericanismo /

La guerra del Chaco, en la que se enfrentaron Paraguay y Bolivia, desencadenó un momento crítico. ¿Quiénes se beneficiaron con este conflicto? ¿Cuáles fueron las consecuencias? Análisis de una contienda que escondió detrás intereses de grupos petroleros, y tuvo como partícipes necesarios a Estados U...

Descripción completa

Guardado en:
Autor Principal: Mignona, Sebastián
Autor Corporativo: Canal Encuentro.
Formato: Deslizar
Publicado: Argentina, 2013
Series:Historia de un País, Argentina Siglo XX
Materias:
Acceso en línea:https://www.educ.ar/recursos/117616/panamericanismo
Etiquetas: Agregar Etiqueta
Sin Etiquetas, Sea el primero en etiquetar este registro!
LEADER 01391ngm a22003255g 4500
001 CEM.cems023449
008 130507s2013##################0###0#####d
005 20250407164951.0
245 1 0 |a Panamericanismo /  |c Sebastián Mignona. 
260 |a Argentina,  |c 2013 
300 |a 27'. 
490 0 |a Historia de un País, Argentina Siglo XX 
500 |a Consultar en ventanilla. 
538 |a Soporte: DVD - Formato: AVI - Resolución: 720 x 540 - 25fps - Grabación DRD. 
590 |a Identificación anterior registrada en SIABUC: D48E. 
520 |a La guerra del Chaco, en la que se enfrentaron Paraguay y Bolivia, desencadenó un momento crítico. ¿Quiénes se beneficiaron con este conflicto? ¿Cuáles fueron las consecuencias? Análisis de una contienda que escondió detrás intereses de grupos petroleros, y tuvo como partícipes necesarios a Estados Unidos, Inglaterra y Argentina. 
100 1 |a Mignona, Sebastián 
710 2 |a Canal Encuentro. 
082 9 8 |/ MIG-4 
653 |a ARGENTINA 
653 |a HISTORIA 
653 |a HISTORIA ARGENTINA 
653 |a GUERRA DEL CHACO 
653 |a LATINOAMERICA 
653 |a HISTORIA LATINOAMERICANA 
653 |a PARAGUAY 
653 |a BOLIVIA 
653 |a SERIE DE TELEVISIÓN 
856 |u https://www.educ.ar/recursos/117616/panamericanismo 
859 |a CEMS  |b BIB. CEMS - Depto. Recursos Didacticos  |h 982  |i MIG-4  |k DRD  |p 2092.15  |t Ej.1